Vista normal
Vista MARC
Entrada Personal Name
Número de registros utilizados en: 1
001 - CONTROL NUMBER
- control field: 65229
003 - CONTROL NUMBER IDENTIFIER
- control field: OSt
005 - DATE AND TIME OF LATEST TRANSACTION
- control field: 20251002164433.0
008 - FIXED-LENGTH DATA ELEMENTS
- fixed length control field: 251002|| aca||aabn | a|a d
040 ## - CATALOGING SOURCE
- Original cataloging agency: OSt
- Transcribing agency: OSt
100 ## - HEADING--PERSONAL NAME
- Personal name: Mendía, Mariana
670 ## - SOURCE DATA FOUND
- Source citation: Work cat.: (OSt)59316: Scarpelli, Veridiana. 65228, El sueño de victorio /